000 00203nam a2200085Ia 4500
008 120527s9999 xx 000 0 und d
100 _aWatson, Stevenson
245 _aPrice theory and its uses
942 _cBK
999 _c27154
_d27154